[Event "EU-ch Online 2300+ Qual"]
[Site "Chess.com INT"]
[Date "2020.05.29"]
[Round "2"]
[White "Hakobyan, Hakob V"]
[Black "Seul, Georg"]
[Result "0-1"]
[WhiteElo "2070"]
[BlackElo "2372"]
[PlyCount "94"]
[EventDate "2020.05.29"]
[EventType "swiss"]
[EventRounds "8"]
[EventCountry "NET"]
[SourceTitle "CBM 196 Extra"]
[Source "ChessBase"]
[SourceDate "2020.07.31"]
[SourceVersion "1"]
[SourceVersionDate "2020.07.31"]
[SourceQuality "1"]

1. Nf3 f5 2. d3 d6 3. e4 e5 4. Nc3 Nc6 5. d4 fxe4 6. Nxe4 d5 7. Nc3 e4 8. Ne5 Nxe5 9. dxe5 Be6 10. f3 exf3 11. Qxf3 Qd7 12. Bb5 c6 13. Bd3 Bc5 14. Bg5 Ne7 15. Qh5+ g6 16. Qh6 0-0-0 17. 0-0-0 Bd4 18. Bf6 Bxc3 19. Bxh8 Bxb2+ 20. Kxb2 Rxh8 21. Qg7 Rg8 22. Qf6 d4 23. Rhf1 Nd5 24. Qf3 Ne3 25. Rde1 Nxf1 26. Rxf1 Qd5 27. Qxd5 Bxd5 28. Rf4 c5 29. Rh4 Rg7 30. Be4 Bxe4 31. Rxe4 Kd7 32. Kb3 Ke6 33. Kc4 b6 34. Kb5 Kd5 35. Re2 Re7 36. Rf2 Rxe5 37. Rf7 Re2 38. Rxh7 Rxg2 39. Rxa7 Rxc2 40. Kxb6 Rb2+ 41. Kc7 d3 42. Ra6 c4 43. a4 c3 44. a5 c2 45. Rd6+ Ke4 46. Rc6 d2 47. a6 c1Q 0-1

[Event "EU-ch Online U2300 Final"]
[Site "Chess.com INT"]
[Date "2020.05.26"]
[Round "1"]
[White "Risteski, Emil"]
[Black "Hakobyan, Hakob V"]
[Result "1-0"]
[WhiteElo "2159"]
[BlackElo "2070"]
[PlyCount "71"]
[EventDate "2020.05.26"]
[EventType "swiss"]
[EventRounds "8"]
[EventCountry "NET"]
[SourceTitle "CBM 196 Extra"]
[Source "ChessBase"]
[SourceDate "2020.07.31"]
[SourceVersion "1"]
[SourceVersionDate "2020.07.31"]
[SourceQuality "1"]

1. e4 Nc6 2. Nf3 d6 3. d4 Nf6 4. Nc3 g6 5. d5 Nb8 6. h3 Bg7 7. Bc4 0-0 8. 0-0 c6 9. a4 a5 10. Qe2 Na6 11. Bf4 Nb4 12. Rad1 Nd7 13. e5 dxe5 14. Nxe5 Nxe5 15. Bxe5 Bxe5 16. Qxe5 cxd5 17. Nxd5 Nxd5 18. Bxd5 Qe8 19. b3 e6 20. Bf3 Qe7 21. Qd6 Qf6 22. Rd2 Ra6 23. Qc7 e5 24. Rfd1 Bf5 25. Bxb7 Re6 26. Qxa5 e4 27. Rd8 Ree8 28. Rxe8 Rxe8 29. Qc5 h5 30. a5 Re5 31. Qd4 e3 32. fxe3 Kh7 33. a6 Bxh3 34. a7 Qe7 35. a8Q Rxe3 36. Qah8# 1-0

[Event "Yerevan op 2nd"]
[Site "Yerevan"]
[Date "2017.09.24"]
[Round "6"]
[White "Chibukhchian, Artur"]
[Black "Hakobyan, Hakob V"]
[Result "1/2-1/2"]
[WhiteElo "2417"]
[BlackElo "2102"]
[PlyCount "103"]
[EventDate "2017.09.19"]
[EventType "swiss"]
[EventRounds "9"]
[EventCountry "ARM"]
[SourceTitle "CBM 180 Extra"]
[Source "ChessBase"]
[SourceDate "2017.10.06"]
[SourceVersion "1"]
[SourceVersionDate "2017.10.06"]
[SourceQuality "1"]

1. d4 d5 2. c4 c6 3. Nf3 Nf6 4. e3 g6 5. h3 Bg7 6. Bd3 0-0 7. 0-0 Bf5 8. Nc3 Bxd3 9. Qxd3 Nbd7 10. e4 dxe4 11. Nxe4 Nxe4 12. Qxe4 e6 13. Bg5 Qb6 14. c5 Qb4 15. Rfe1 Rfe8 16. a3 Qc4 17. b4 e5 18. dxe5 Nxe5 19. Nxe5 Qxe4 20. Rxe4 Rxe5 21. Rxe5 Bxe5 22. Rd1 a5 23. bxa5 Rxa5 24. Bh6 f5 25. Rd8+ Kf7 26. f4 Bf6 27. Rd7+ Kg8 28. Rxb7 Rxa3 29. Rc7 Bd4+ 30. Kh2 Bxc5 31. Rxc6 Bd4 32. Rc8+ Kf7 33. Rc7+ Kg8 34. g4 fxg4 35. hxg4 Bf6 36. Kg2 Bd4 37. Rd7 Bf6 38. g5 Bb2 39. Kf2 Ra8 40. Kf3 Ba3 41. Bg7 Bf8 42. Bd4 Re8 43. Bf6 h6 44. f5 gxf5 45. Kf4 hxg5+ 46. Kxf5 g4 47. Kxg4 Re1 48. Kf5 Rf1+ 49. Kg6 Rg1+ 50. Bg5 Rg2 51. Rd2 Rxd2 52. Bxd2 1/2-1/2

[Event "Yerevan Asrian Memorial 10th"]
[Site "Yerevan"]
[Date "2017.06.22"]
[Round "2"]
[White "Hakobyan, Hakob V"]
[Black "Hovhannisyan, Mane"]
[Result "1-0"]
[WhiteElo "2056"]
[BlackElo "1722"]
[PlyCount "99"]
[EventDate "2017.06.21"]
[EventType "swiss"]
[EventRounds "9"]
[EventCountry "ARM"]
[SourceTitle "EXT 2018"]
[Source "ChessBase"]
[SourceDate "2017.10.13"]
[SourceVersion "1"]
[SourceVersionDate "2017.10.13"]
[SourceQuality "1"]

1. Nf3 Nf6 2. c4 e6 3. g3 b6 4. Bg2 Bb7 5. 0-0 c5 6. Nc3 Be7 7. Re1 d5 8. cxd5 exd5 9. d4 0-0 10. Bf4 Nc6 11. Rc1 Rc8 12. dxc5 Bxc5 13. e3 Re8 14. Bg5 d4 15. Nxd4 Bxd4 16. exd4 Rxe1+ 17. Qxe1 Qxd4 18. Bxf6 gxf6 19. Nd5 Kf8 20. Qe2 Qe5 21. Qd2 Kg7 22. Ne3 Nd4 23. Rxc8 Bxc8 24. f4 Qd6 25. Kf2 Be6 26. Be4 f5 27. Bd5 Nb5 28. a4 Nc7 29. Qc3+ Kg8 30. Bg2 Ne8 31. Bf1 Bd7 32. Bd3 Ng7 33. b3 Qh6 34. Kg2 Qe6 35. Bc4 Qd6 36. Nd5 Ne8 37. Qe5 Qxe5 38. fxe5 Be6 39. Ne7+ Kf8 40. Nc6 a5 41. Kf2 Nc7 42. Nd4 Ke7 43. Ke3 Nd5+ 44. Bxd5 Bxd5 45. Nxf5+ Ke6 46. Kf4 f6 47. Nd4+ Kf7 48. Kf5 fxe5 49. Kxe5 Bg2 50. Kd6 1-0

[Event "Yerevan op 1st"]
[Site "Yerevan"]
[Date "2016.10.04"]
[Round "3"]
[White "Poghosyan, Suren"]
[Black "Hakobyan, Hakob V"]
[Result "1-0"]
[WhiteElo "2260"]
[BlackElo "1947"]
[PlyCount "73"]
[EventDate "2016.10.02"]
[EventType "swiss"]
[EventRounds "9"]
[EventCountry "ARM"]
[SourceTitle "EXT 2017"]
[Source "ChessBase"]
[SourceDate "2016.10.25"]
[SourceVersion "1"]
[SourceVersionDate "2016.10.25"]
[SourceQuality "1"]

1. d4 Nf6 2. Bg5 Ne4 3. Bf4 d5 4. e3 c5 5. Nd2 Nxd2 6. Qxd2 Nc6 7. Nf3 g6 8. dxc5 Bg7 9. c3 e5 10. Bg3 Be6 11. Bb5 f6 12. 0-0 Qa5 13. a4 a6 14. Bxc6+ bxc6 15. b4 Qc7 16. Nd4 Bd7 17. Nb3 h5 18. h4 Kf7 19. Qe2 Be6 20. Na5 Rhd8 21. Rfd1 f5 22. f3 Bf6 23. Rac1 Rg8 24. f4 exf4 25. exf4 Rge8 26. Qf3 Bd7 27. c4 d4 28. Bf2 Re4 29. g3 Rb8 30. Qa3 Rbe8 31. Nb3 Re3 32. Qa2 Bxh4 33. gxh4 Qxf4 34. Rxd4 R8e4 35. Bxe3 Qxh4 36. Rxe4 Qxe4 37. Qd2 1-0

[Event "EU-ch U16 26th"]
[Site "Prague"]
[Date "2016.08.26"]
[Round "8"]
[White "Hakobyan, Hakob V"]
[Black "Ranaldi, Lucas"]
[Result "1-0"]
[WhiteElo "1792"]
[BlackElo "2215"]
[PlyCount "141"]
[EventDate "2016.08.18"]
[EventType "swiss"]
[EventRounds "9"]
[EventCountry "CZE"]
[SourceTitle "CBM 174 Extra"]
[Source "ChessBase"]
[SourceDate "2016.10.10"]
[SourceVersion "1"]
[SourceVersionDate "2016.10.10"]
[SourceQuality "1"]

1. Nf3 c5 2. g3 Nc6 3. d4 cxd4 4. Nxd4 g6 5. c4 Bg7 6. Nc2 Nf6 7. Bg2 0-0 8. Nc3 d6 9. 0-0 Nd7 10. Ne3 Nc5 11. Qd2 Nd4 12. b4 Nce6 13. Bb2 Rb8 14. Ned5 Bd7 15. e3 Nc6 16. Rac1 Ne5 17. Ne2 b5 18. Bxe5 Bxe5 19. c5 dxc5 20. bxc5 Rc8 21. c6 Bxc6 22. Nxe7+ Qxe7 23. Bxc6 b4 24. Qd7 Qxd7 25. Bxd7 Rcd8 26. Rfd1 Kg7 27. f4 Bc7 28. Bxe6 Rxd1+ 29. Rxd1 fxe6 30. Nd4 Kf6 31. Nc6 a5 32. e4 Rf7 33. Kg2 g5 34. e5+ Kg6 35. Kf3 h5 36. Ke4 h4 37. Nd4 hxg3 38. hxg3 Re7 39. Nxe6 gxf4 40. gxf4 Rxe6 41. f5+ Kf7 42. fxe6+ Kxe6 43. Rc1 Bxe5 44. Rc5 Bb2 45. Rxa5 Kd6 46. Kd3 Kc6 47. Kc4 Ba3 48. Ra6+ Kb7 49. Rd6 Kc7 50. Kd5 Kb7 51. Rc6 Ka7 52. Kc5 Kb7 53. Kb5 Kb8 54. Ka6 Bb2 55. Rb6+ Ka8 56. Rxb4 Be5 57. Re4 Bb8 58. a4 Bc7 59. a5 Bg3 60. Re7 Bf4 61. Re8+ Bb8 62. Kb5 Kb7 63. a6+ Ka7 64. Re7+ Ka8 65. Kb6 Bd6 66. Rd7 Bf4 67. a7 Be3+ 68. Ka6 Bb6 69. Rg7 Bd8 70. Rg6 Bf6 71. Rg8+ 1-0